000 00530nam a2200193Ia 4500
005 20260429111920.0
008 260429s9999||||xx |||||||||||||| ||und||
020 _a9788197276507
041 _aEnglish
082 _a660
_bSHR
100 _aShrivastava, Sonia
245 0 _aUses of industrial chemistry /
_cSonia Shrivastava
250 _a1st ed.
260 _aJaipur :
_bKeya International Press,
_c2025.
300 _aviii, 288 p.; hb
650 _a Industrial chemistry
650 _aChemical engineering
942 _cTB
999 _c51415
_d51415